| 000 | 00980nam0a22002651 4500 | ||
|---|---|---|---|
| 001 | rc\719113 | ||
| 005 | 20260405191106.0 | ||
| 010 |
_a5-88874-072-1 _9200 |
||
| 035 | _a(NLR Aleph) 005962446 | ||
| 090 |
_a6863426 _c6863426 |
||
| 100 | _a20031121d1997 |||y0rusy50 ca | ||
| 101 | 0 | _arus | |
| 102 | _aRU | ||
| 105 | _ay ||||||||| | ||
| 200 | 1 |
_aФормирование саногенного мышления младшего школьника _eУчеб. пособие |
|
| 210 |
_aКалининград _cКалинингр. гос. ун-т _d1997 |
||
| 215 |
_a46, [1] с. _d21 |
||
| 320 | _aБиблиогр.: с. 40-41 (20 назв.) | ||
| 700 | 1 |
_8rus _7ca _aВасильева _bТ. Н. _cпедагог-психолог, пихология мл. школьников _gТатьяна Николаевна _3RU\NLR\AUTH\7783167 _966095 |
|
| 801 | 0 |
_aRU _bNLR _gpsbo |
|
| 801 | 1 |
_aRU _bELAR _2rusmarc |
|
| 852 |
_aNLR _j98-4/134 |
||
| 942 | _cBOOK | ||
| 980 | _aNB | ||